Vista normal
Vista MARC
Entrada Nombre corporativo
Número de registros utilizados en: 1
001 - NÚMERO DE CONTROL
- campo de control: 19317
003 - IDENTIFICADOR DE NÚMERO DE CONTROL
- campo de control: OSt
005 - FECHA Y HORA DE LA ÚLTIMA TRANSACCIÓN
- campo de control: 20221005155929.0
008 - ELEMENTOS DE DATO DE LONGITUD-FIJA
- campo de control de longitud fija: 221005|| aca||aabn | a|a d
040 ## - FUENTE DE CATALOGACIÓN
- Centro catalogador/agencia de origen: OSt
- Centro/agencia transcriptor: OSt
110 ## - ENCABEZAMIENTO-NOMBRE DE ENTIDAD CORPORATIVA
- Nombre de entidad corporativa o nombre de jurisdicción como elemento de entrada: CONFEDERACION INTERNACIONAL DE ORGANIZACIONES SINDICALES LIBRES
- Número del congreso/reunión o número de parte o sección: 16º
- Fecha del congreso o de la firma del tratado: 1996
- Sede del congreso/Lugar de la reunión: Bruselas
670 ## - FUENTE DE DATOS ENCONTRADOS
- Cita de la fuente: Work cat.: (OSt)19397: CONFEDERACION INTERNACIONAL DE ORGANIZACIONES SINDICALES LIBRES 16º 1996 Bruselas, Informe de actividades de la Confederación e informes financieros /, 1996